[Event "Eesti U16 (n)"]
[Site "Narva"]
[Date "2019.05.30"]
[Round "1.5"]
[White "Smirnova, Jekaterina"]
[Black "Ivanova, Ksenja"]
[Result "1-0"]
[WhiteElo "1624"]
[BlackElo "1291"]
[PlyCount "135"]
[EventDate "2019.05.30"]
[EventRounds "7"]
[EventCountry "EST"]
[SourceVersionDate "2019.11.23"]

1. c4 e5 2. Nc3 Nf6 3. d3 d5 4. cxd5 Nxd5 5. e4 Nf6 6. h3 Nc6 7. Nf3 Bc5 8. Be2
h6 9. O-O O-O 10. a3 Re8 11. Bd2 Nd4 12. Nxd4 Bxd4 13. Qc1 Kh7 14. Be3 c5 15.
Kh1 b6 16. f4 Bxe3 17. Qxe3 Qd4 18. Qxd4 cxd4 19. Nb5 Re7 20. fxe5 Rxe5 21.
Nxd4 Ba6 22. Rfe1 Nxe4 23. dxe4 Rxe4 24. Bxa6 Rxd4 25. Bb7 Rf8 26. Bf3 f5 27.
Re7 a5 28. Rb7 Rf6 29. Re7 b5 30. Ra7 a4 31. Rb7 Rd2 32. Rxb5 Ra6 33. Rd1 Rxd1+
34. Bxd1 f4 35. Rb4 g5 36. Rxa4 Rd6 37. Bf3 Re6 38. Re4 Rf6 39. Kg1 Kg7 40. Kf2
Kf7 41. Bh5+ Kf8 42. Re8+ Kg7 43. Re7+ Kf8 44. Rb7 Re6 45. b3 Re7 46. Rxe7 Kxe7
47. Kf3 Kd6 48. Ke4 Kc5 49. Bf3 Kc6 50. Kf5+ Kc5 51. Kg6 Kd4 52. Kxh6 Kc3 53.
b4 Kc4 54. Kxg5 Kb5 55. h4 Kb6 56. h5 Kb5 57. h6 Ka4 58. h7 Kxa3 59. h8=Q Kxb4
60. Qc8 Kb5 61. Qc6+ Kb4 62. Kxf4 Kb3 63. Qc5 Kb2 64. Qc4 Ka1 65. Qb4 Ka2 66.
Bd5+ Ka1 67. Qa3+ Kb1 68. Be4# 1-0

[Event "Eesti U16 (n)"]
[Site "Narva"]
[Date "2019.05.30"]
[Round "2.1"]
[White "Sild, Marta Pauliine"]
[Black "Blohhin, Sofia"]
[Result "0-1"]
[WhiteElo "1687"]
[BlackElo "1915"]
[PlyCount "68"]
[EventDate "2019.05.30"]
[EventRounds "7"]
[EventCountry "EST"]
[SourceVersionDate "2019.11.23"]

1. e4 c5 2. Nf3 d6 3. Bb5+ Nd7 4. O-O a6 5. Bxd7+ Bxd7 6. c3 e6 7. d4 cxd4 8.
cxd4 Be7 9. Nc3 b5 10. a3 Rc8 11. Re1 h6 12. Bf4 g5 13. Bg3 h5 14. h3 Nh6 15.
e5 d5 16. Nd2 Nf5 17. Nf1 Rc4 18. Ne2 g4 19. b3 Rc8 20. Nf4 h4 21. Bh2 gxh3 22.
Nxh3 Qb6 23. Bf4 Qxd4 24. Ne3 Qxd1 25. Rexd1 Nxe3 26. Bxe3 Rc3 27. b4 Rg8 28.
Rdc1 Rc4 29. f3 f6 30. exf6 Bxf6 31. Ra2 e5 32. Re2 Bxh3 33. Kh2 Bf5 34. Rd1
Be6 0-1

[Event "Eesti U16 (n)"]
[Site "Narva"]
[Date "2019.05.30"]
[Round "2.2"]
[White "Smirnova, Jekaterina"]
[Black "Bitkova, Jelizaveta"]
[Result "0-1"]
[WhiteElo "1624"]
[BlackElo "1691"]
[PlyCount "84"]
[EventDate "2019.05.30"]
[EventRounds "7"]
[EventCountry "EST"]
[SourceVersionDate "2019.11.23"]

1. d4 Nf6 2. c4 e6 3. Nc3 c5 4. e3 cxd4 5. exd4 d5 6. cxd5 Nxd5 7. Nf3 Nc6 8.
Bc4 g6 9. Nxd5 exd5 10. Be2 Bg7 11. O-O O-O 12. Be3 Qb6 13. Qd2 Be6 14. h3 Rac8
15. Rac1 Rfe8 16. Rfd1 Bf5 17. a3 Na5 18. Rxc8 Rxc8 19. Rc1 Rxc1+ 20. Qxc1 Qc6
21. Qxc6 Nxc6 22. Kf1 Kf8 23. Ke1 Be4 24. Kd2 Ke7 25. Bb5 Bxf3 26. gxf3 Nxd4
27. Bxd4 Bxd4 28. Be2 Bxb2 29. a4 Bd4 30. Ke1 Kf6 31. f4 Kf5 32. Bf3 Ke6 33.
Ke2 a6 34. Bg4+ f5 35. Bf3 b5 36. axb5 axb5 37. Ke1 b4 38. Bd1 Bc3+ 39. Ke2 Kd6
40. Kd3 Kc5 41. Bb3 Bf6 42. Bd1 Bh4 0-1

[Event "Eesti U16 (n)"]
[Site "Narva"]
[Date "2019.05.30"]
[Round "2.3"]
[White "Jõerand, Jenna"]
[Black "Barkasheva, Sofia"]
[Result "0-1"]
[WhiteElo "1581"]
[BlackElo "1467"]
[PlyCount "104"]
[EventDate "2019.05.30"]
[EventRounds "7"]
[EventCountry "EST"]
[SourceVersionDate "2019.11.23"]

1. e4 c5 2. Nf3 e6 3. d4 cxd4 4. Nxd4 a6 5. Nc3 Qc7 6. g3 Nf6 7. Bg2 Nc6 8. O-O
Be7 9. Re1 d6 10. Nxc6 bxc6 11. e5 Nd5 12. Nxd5 cxd5 13. f4 O-O 14. b3 dxe5 15.
fxe5 Bb7 16. Qg4 Kh8 17. c4 Bb4 18. Re2 Bc3 19. Bb2 Bxb2 20. Rxb2 Qxe5 21. Rbb1
Rab8 22. Re1 Qc7 23. Rab1 Qc5+ 24. Kh1 Rfd8 25. Qh5 Rd7 26. Rbc1 Qa3 27. Qe2 d4
28. Rcd1 Bxg2+ 29. Qxg2 Rc8 30. Rd2 e5 31. Red1 f5 32. Re2 e4 33. Qh3 g6 34.
Rxe4 Qxa2 35. Re6 Qxb3 36. Rde1 d3 37. Qh4 Qb7+ 38. Kg1 Rf8 39. Re8 Qb6+ 40.
Kf1 Kg7 41. R8e7+ Rf7 42. R7e6 Qb7 43. c5 Qf3+ 44. Kg1 d2 45. c6 dxe1=Q+ 46.
Rxe1 Qxc6 47. Qb4 Qc2 48. h4 Rd2 49. Qf4 Qc3 50. Kh1 a5 51. h5 Qc6+ 52. Kg1
Qg2# 0-1

[Event "Eesti U16 (n)"]
[Site "Narva"]
[Date "2019.05.30"]
[Round "2.4"]
[White "Levchenko, Marina"]
[Black "Timofejeva, Juliana"]
[Result "1-0"]
[WhiteElo "1704"]
[BlackElo "1330"]
[PlyCount "45"]
[EventDate "2019.05.30"]
[EventRounds "7"]
[EventCountry "EST"]
[SourceVersionDate "2019.11.23"]

1. c4 Nc6 2. Nc3 Nf6 3. Nf3 e5 4. g3 Bc5 5. Bg2 Ng4 6. O-O Qf6 7. Ne4 Qe7 8.
Nxc5 Qxc5 9. d3 O-O 10. a3 Qd6 11. b4 Nd4 12. Bb2 Nxf3+ 13. Bxf3 Nf6 14. Qc2
Re8 15. Rfd1 Qe7 16. e4 d6 17. Re1 Bh3 18. d4 Ng4 19. Qe2 b6 20. Bxg4 Bxg4 21.
Qxg4 exd4 22. Bxd4 c5 23. Qxg7# 1-0

[Event "Eesti U16 (n)"]
[Site "Narva"]
[Date "2019.05.30"]
[Round "2.5"]
[White "Aksjonova, Alisa"]
[Black "Ivanova, Ksenja"]
[Result "1-0"]
[WhiteElo "1383"]
[BlackElo "1291"]
[PlyCount "91"]
[EventDate "2019.05.30"]
[EventRounds "7"]
[EventCountry "EST"]
[SourceVersionDate "2019.11.23"]

1. e4 e5 2. Nf3 Nc6 3. Bc4 Bc5 4. O-O Nf6 5. d3 d6 6. Bg5 h6 7. Bxf6 Qxf6 8.
Nc3 Qg6 9. g3 Bg4 10. Nd5 O-O-O 11. Bb5 Rhe8 12. Ne3 a6 13. Bxc6 bxc6 14. Nxg4
Qxg4 15. Nh4 Qxd1 16. Raxd1 d5 17. Nf5 Bf8 18. Rfe1 g6 19. Ne3 Bc5 20. Kg2 Bxe3
21. Rxe3 f5 22. exf5 gxf5 23. Ree1 a5 24. a4 e4 25. dxe4 fxe4 26. b3 Kb7 27. c4
Kb6 28. Rc1 Kb7 29. cxd5 cxd5 30. f3 e3 31. f4 d4 32. Kf3 d3 33. Rxe3 c5 34.
Rd1 Rxe3+ 35. Kxe3 Re8+ 36. Kxd3 Rd8+ 37. Ke2 Rxd1 38. Kxd1 Kc6 39. Kd2 Kd5 40.
Kd3 h5 41. h4 Kc6 42. Kc4 Kd6 43. Kb5 Kd5 44. Kxa5 c4 45. bxc4+ Kxc4 46. Kb6
1-0

[Event "Eesti U16 (n)"]
[Site "Narva"]
[Date "2019.05.31"]
[Round "3.1"]
[White "Blohhin, Sofia"]
[Black "Barkasheva, Sofia"]
[Result "1-0"]
[WhiteElo "1915"]
[BlackElo "1467"]
[PlyCount "105"]
[EventDate "2019.05.30"]
[EventRounds "7"]
[EventCountry "EST"]
[SourceVersionDate "2019.11.23"]

1. e4 c5 2. Nc3 e6 3. g3 Nc6 4. Bg2 g6 5. Nge2 Bg7 6. O-O Nge7 7. d3 O-O 8. Be3
Nd4 9. f4 Rb8 10. g4 f5 11. gxf5 exf5 12. e5 Nec6 13. Bxd4 cxd4 14. Nb5 Qb6 15.
Nd6 Ne7 16. Qe1 Qc5 17. b4 Qxc2 18. Nxd4 Qc7 19. Rc1 Qb6 20. Rc5 Kh8 21. Kh1
Nc6 22. Nc2 h6 23. d4 Qd8 24. Bd5 b6 25. Rc3 Bb7 26. Nxb7 Rxb7 27. b5 Rc7 28.
bxc6 dxc6 29. Bg2 Re8 30. Qg3 Re6 31. Qf2 a5 32. a4 h5 33. Rb1 Qb8 34. Rcb3 Rb7
35. d5 Ree7 36. dxc6 Rbc7 37. Rxb6 Qd8 38. Rb8 Rc8 39. Rxc8 Qxc8 40. Qb6 Qa8
41. Qb8+ Qxb8 42. Rxb8+ Kh7 43. Rb7 Re8 44. Nd4 Rc8 45. Ne6 Kh6 46. Nxg7 Rd8
47. Rd7 Rb8 48. h4 Rb1+ 49. Kh2 Rc1 50. Ne6 Rc3 51. Nf8 Rh3+ 52. Kxh3 g5 53.
hxg5# 1-0

[Event "Eesti U16 (n)"]
[Site "Narva"]
[Date "2019.05.31"]
[Round "3.2"]
[White "Bitkova, Jelizaveta"]
[Black "Levchenko, Marina"]
[Result "1/2-1/2"]
[WhiteElo "1691"]
[BlackElo "1704"]
[PlyCount "188"]
[EventDate "2019.05.30"]
[EventRounds "7"]
[EventCountry "EST"]
[SourceVersionDate "2019.11.23"]

1. d4 Nf6 2. c4 e6 3. Nc3 d5 4. cxd5 exd5 5. Bg5 Be7 6. Nf3 O-O 7. e3 h6 8. Bf4
Nh5 9. Bg3 Nxg3 10. hxg3 Bf5 11. Qb3 Qc8 12. Nxd5 Bd6 13. Nc3 a6 14. e4 Re8 15.
Bd3 b5 16. O-O Bh7 17. a3 Nd7 18. Qc2 c5 19. dxc5 Nxc5 20. Rfe1 Qb7 21. b4 Nxd3
22. Qxd3 Rad8 23. Qe3 f6 24. Rad1 Qf7 25. Nd4 Qb7 26. g4 Bb8 27. Nf5 Bxf5 28.
gxf5 Rc8 29. Nd5 Rc4 30. Qd3 Be5 31. Qb3 Kh8 32. f3 Rec8 33. Qe3 Bb8 34. Kf1
Ba7 35. Qd3 Bb8 36. Qd2 Rc2 37. Qd3 R2c4 38. Rd2 Be5 39. Qe3 R4c6 40. Red1 Bb8
41. Nf4 Bxf4 42. Qxf4 R6c7 43. Rd8+ Rxd8 44. Rxd8+ Kh7 45. Qg3 Rc1+ 46. Ke2 Qf7
47. Qg6+ Qxg6 48. fxg6+ Kxg6 49. Rd6 Rc2+ 50. Kf1 Rc1+ 51. Kf2 Rc2+ 52. Kg3 a5
53. bxa5 Rc3 54. Rb6 Rxa3 55. Rxb5 Ra2 56. e5 fxe5 57. Rxe5 Kf6 58. Rb5 Kf7 59.
Rb7+ Kg6 60. Ra7 Kf6 61. a6 Kg6 62. Ra8 Ra1 63. a7 Kf7 64. f4 Ra3+ 65. Kg4 Ra5
66. Kf3 Ra3+ 67. Ke4 Ra1 68. g4 Ra4+ 69. Ke5 Ra5+ 70. Kd6 Ra1 71. f5 Rd1+ 72.
Ke5 Re1+ 73. Kf4 Rf1+ 74. Kg3 Rg1+ 75. Kf2 Ra1 76. f6 Kg6 77. fxg7 Kxg7 78. Kg3
Rg1+ 79. Kf4 Rf1+ 80. Ke3 Ra1 81. Kd3 Ra3+ 82. Kc4 Ra1 83. Kc3 Ra6 84. Kb4 Ra1
85. Kb3 Ra6 86. Kc4 Ra1 87. Kd5 Rd1+ 88. Ke5 Re1+ 89. Kd6 Rd1+ 90. Ke5 Re1+ 91.
Kf5 Rf1+ 92. Ke4 Ra1 93. Kf3 Ra3+ 94. Kg2 Ra1 1/2-1/2

[Event "Eesti U16 (n)"]
[Site "Narva"]
[Date "2019.05.31"]
[Round "3.3"]
[White "Sild, Marta Pauliine"]
[Black "Smirnova, Jekaterina"]
[Result "1/2-1/2"]
[WhiteElo "1687"]
[BlackElo "1624"]
[PlyCount "153"]
[EventDate "2019.05.30"]
[EventRounds "7"]
[EventCountry "EST"]
[SourceVersionDate "2019.11.23"]

1. e4 c5 2. Nf3 Nc6 3. Bb5 g6 4. O-O Bg7 5. c3 Nf6 6. Re1 O-O 7. d4 cxd4 8.
cxd4 d5 9. e5 Ne4 10. Nbd2 Nxd2 11. Bxd2 Bg4 12. Bc3 a6 13. Bxc6 bxc6 14. h3
Bd7 15. Nd2 e6 16. Nb3 f5 17. Nc5 Bc8 18. Qa4 Qb6 19. Rab1 Qb5 20. Qd1 Qb6 21.
Bd2 Qd8 22. Rc1 Re8 23. Nb3 Bd7 24. g3 Bf8 25. Kg2 Be7 26. Rh1 Rf8 27. h4 h5
28. Qe2 Rf7 29. Rc2 Qf8 30. Qd3 Kg7 31. Be3 a5 32. Nc5 Bxc5 33. Rxc5 Qd8 34.
Qd2 Kh7 35. Bg5 Qb6 36. Qe2 Qb4 37. Rd1 Qb6 38. Bc1 Be8 39. Qd2 Kg8 40. Qg5 Rh7
41. Qf6 Bf7 42. Rd2 Kf8 43. Rdc2 Ra6 44. Bg5 Qb7 45. Qd8+ Be8 46. Rxa5 Rxa5 47.
Qxa5 Kg8 48. Qd8 Qd7 49. Qb6 Qc7 50. Qxc7 Rxc7 51. b3 Rb7 52. Kf3 Kf7 53. Ke2
Bd7 54. Kd3 Ke8 55. Rc5 Ra7 56. a4 Ra6 57. a5 Bc8 58. b4 Bb7 59. Bd2 Ra7 60.
Ke3 Ba8 61. Kf4 Kf7 62. Ke3 Ke8 63. Kd3 Kd7 64. b5 cxb5 65. Rxb5 Bb7 66. Kc2
Ba6 67. Rb8 Rc7+ 68. Kd1 Rc8 69. Rb6 Rc6 70. Rb8 Rc8 71. Rxc8 Kxc8 72. Bb4 Kd7
73. Kd2 Kc6 74. Bc5 Kd7 75. Bd6 Kc6 76. Be7 Kd7 77. Bd6 1/2-1/2

[Event "Eesti U16 (n)"]
[Site "Narva"]
[Date "2019.05.31"]
[Round "3.4"]
[White "Timofejeva, Juliana"]
[Black "Aksjonova, Alisa"]
[Result "0-1"]
[WhiteElo "1330"]
[BlackElo "1383"]
[PlyCount "168"]
[EventDate "2019.05.30"]
[EventRounds "7"]
[EventCountry "EST"]
[SourceVersionDate "2019.11.23"]

1. e4 e5 2. Nf3 Nc6 3. Nc3 Nf6 4. Bc4 Bc5 5. h3 O-O 6. d3 h6 7. O-O d6 8. Re1
Re8 9. a3 a5 10. Be3 Bxe3 11. Rxe3 Nd4 12. a4 c5 13. Nd5 Nxd5 14. Bxd5 Ra7 15.
Nxd4 cxd4 16. Rf3 Be6 17. c4 b6 18. b3 Rc7 19. Bxe6 Rxe6 20. Rg3 Qh4 21. Qf3
Rf6 22. Qg4 Qxg4 23. Rxg4 h5 24. Rg5 g6 25. Rb1 Kg7 26. b4 axb4 27. Rxb4 Ra7
28. h4 Ra6 29. g3 Rf3 30. Rb3 f6 31. Kg2 fxg5 32. Kxf3 gxh4 33. gxh4 Kf6 34.
Kg3 g5 35. Ra3 g4 36. f3 gxf3 37. Kxf3 Ke6 38. Ra2 Ra7 39. Rb2 Ra6 40. Rg2 Rxa4
41. Rg5 Ra3 42. Ke2 Ra2+ 43. Kd1 Ra3 44. Kc2 Rc3+ 45. Kd2 Ra3 46. Rxh5 Ra8 47.
Rf5 Rh8 48. h5 b5 49. cxb5 d5 50. Rg5 dxe4 51. dxe4 Kf6 52. Rg6+ Ke7 53. h6 Kf7
54. Rc6 Rb8 55. Rc5 Ke6 56. Kd3 Rf8 57. Rd5 Rh8 58. Rc5 Rf8 59. h7 Rf3+ 60. Kc4
Rh3 61. Rc6+ Kd7 62. Ra6 Kc7 63. Re6 Kd7 64. Ra6 Kc7 65. Kd5 Rh5 66. Ra7+ Kb6
67. Rd7 Kxb5 68. Rb7+ Ka6 69. Rb2 Rxh7 70. Kxe5 Rd7 71. Kf5 d3 72. Rd2 Kb5 73.
Kf4 Kc4 74. Ke3 Kc3 75. e5 Rd5 76. Rd1 Rxe5+ 77. Kf4 Re2 78. Kf3 Kc2 79. Ra1
Re7 80. Ra2+ Kb1 81. Rd2 Rb7 82. Rxd3 Kc2 83. Ke4 Re7+ 84. Kd4 Rd7+ 0-1

[Event "Eesti U16 (n)"]
[Site "Narva"]
[Date "2019.05.31"]
[Round "3.5"]
[White "Ivanova, Ksenja"]
[Black "Jõerand, Jenna"]
[Result "0-1"]
[WhiteElo "1291"]
[BlackElo "1581"]
[PlyCount "120"]
[EventDate "2019.05.30"]
[EventRounds "7"]
[EventCountry "EST"]
[SourceVersionDate "2019.11.23"]

1. b4 e5 2. Bb2 d6 3. d4 Nd7 4. e3 g6 5. Nd2 Bg7 6. Ngf3 b6 7. Nc4 f6 8. Nfd2
Bb7 9. Nb3 e4 10. Ncd2 f5 11. f3 c5 12. bxc5 dxc5 13. Qc1 Qf6 14. c3 Ne7 15.
Bb5 Rd8 16. dxc5 bxc5 17. Nxc5 Bc6 18. Bxc6 Nxc6 19. Nxd7 Rxd7 20. fxe4 fxe4
21. Nxe4 Qh4+ 22. Nf2 O-O 23. Qc2 Ne5 24. g3 Nf3+ 25. Ke2 Qc4+ 26. Nd3 Ne5 27.
Rhd1 Qg4+ 28. Ke1 Nf3+ 29. Kf1 Nd4+ 30. Qf2 Qe2+ 31. Kg1 Rxf2 32. Nxf2 Nf3+ 33.
Kg2 Rxd1 34. Rxd1 Ne1+ 35. Kg1 Qxe3 36. Kf1 Nf3 37. Rd8+ Kf7 38. Rd7+ Kf8 39.
Ba3+ Ke8 40. Re7+ Qxe7 41. Bxe7 Kxe7 42. h3 Bxc3 43. g4 h5 44. Kg2 hxg4 45.
hxg4 Nh4+ 46. Kg3 g5 47. Ne4 Bf6 48. Nxf6 Kxf6 49. Kf2 Ke5 50. Ke3 Kd5 51. Kd3
a5 52. a4 Nf3 53. Ke3 Ne5 54. Kd2 Nxg4 55. Ke2 Kc4 56. Kf3 Ne5+ 57. Ke4 Nd3 58.
Kf5 Kb4 59. Kxg5 Kxa4 60. Kf5 Kb3 0-1

[Event "Eesti U16 (n)"]
[Site "Narva"]
[Date "2019.05.31"]
[Round "4.1"]
[White "Bitkova, Jelizaveta"]
[Black "Blohhin, Sofia"]
[Result "0-1"]
[WhiteElo "1691"]
[BlackElo "1915"]
[PlyCount "56"]
[EventDate "2019.05.30"]
[EventRounds "7"]
[EventCountry "EST"]
[SourceVersionDate "2019.11.23"]

1. c4 c5 2. Nc3 Nf6 3. g3 d5 4. cxd5 Nxd5 5. Bg2 Nc7 6. d3 Nc6 7. Nf3 e5 8. O-O
Be7 9. Ne1 O-O 10. f4 exf4 11. Bxf4 Be6 12. Nf3 Nd5 13. Nxd5 Bxd5 14. a3 Bf6
15. e4 Be6 16. e5 Be7 17. Qe2 Bg4 18. Rfd1 Nd4 19. Qf2 f6 20. exf6 Bxf6 21. Kh1
g5 22. Be3 Nxf3 23. Bxf3 Bd4 24. Rf1 Rxf3 25. Qc2 Qd5 26. Qg2 Bxe3 27. Rfe1 Bh3
28. Qxh3 Rf1# 0-1

[Event "Eesti U16 (n)"]
[Site "Narva"]
[Date "2019.05.31"]
[Round "4.2"]
[White "Barkasheva, Sofia"]
[Black "Aksjonova, Alisa"]
[Result "1-0"]
[WhiteElo "1467"]
[BlackElo "1383"]
[PlyCount "57"]
[EventDate "2019.05.30"]
[EventRounds "7"]
[EventCountry "EST"]
[SourceVersionDate "2019.11.23"]

1. e4 e5 2. Nf3 Nc6 3. Bb5 Nd4 4. Nxd4 exd4 5. O-O c6 6. Ba4 b5 7. Bb3 Bc5 8.
d3 Ne7 9. Nd2 O-O 10. f4 a5 11. a3 a4 12. Ba2 d5 13. Kh1 f5 14. Nf3 Kh8 15. e5
Ng6 16. Bd2 Re8 17. Ng5 Ra7 18. Qh5 h6 19. Rf3 Be6 20. Qxg6 hxg5 21. Rh3+ Kg8
22. Qh7+ Kf7 23. fxg5 f4 24. Rf3 Qxg5 25. Rxf4+ Qxf4 26. Bxf4 Kf8 27. Bg5 Rd7
28. Rf1+ Bf7 29. Qh8# 1-0

[Event "Eesti U16 (n)"]
[Site "Narva"]
[Date "2019.05.31"]
[Round "4.3"]
[White "Levchenko, Marina"]
[Black "Sild, Marta Pauliine"]
[Result "1/2-1/2"]
[WhiteElo "1704"]
[BlackElo "1687"]
[PlyCount "82"]
[EventDate "2019.05.30"]
[EventRounds "7"]
[EventCountry "EST"]
[SourceVersionDate "2019.11.23"]

1. c4 e5 2. Nc3 Nf6 3. Nf3 Nc6 4. g3 Bc5 5. Bg2 d6 6. O-O O-O 7. d3 h6 8. a3 a5
9. Qc2 Be6 10. b3 Bb6 11. Bb2 Re8 12. Rad1 Qe7 13. Nb5 Bf5 14. Qd2 e4 15. Nfd4
Nxd4 16. Bxd4 Bxd4 17. Nxd4 Bg6 18. dxe4 Bxe4 19. e3 Bxg2 20. Kxg2 b6 21. a4
Ne4 22. Qc2 Nc5 23. Nb5 Rad8 24. Rd2 Rd7 25. Rfd1 Qe4+ 26. Qxe4 Rxe4 27. Rb2
Rde7 28. Nc3 R4e6 29. Nb5 Rf6 30. Nd4 Ne6 31. Nc6 Re8 32. Rc2 Nc5 33. Rb2 g6
34. Nd4 Kg7 35. Nb5 Re7 36. Nd4 h5 37. h4 Ne4 38. Rc2 Nc5 39. Rb2 Ne4 40. Rc2
Nc5 41. Rb2 Ne4 1/2-1/2

[Event "Eesti U16 (n)"]
[Site "Narva"]
[Date "2019.05.31"]
[Round "4.4"]
[White "Jõerand, Jenna"]
[Black "Smirnova, Jekaterina"]
[Result "0-1"]
[WhiteElo "1581"]
[BlackElo "1624"]
[PlyCount "142"]
[EventDate "2019.05.30"]
[EventRounds "7"]
[EventCountry "EST"]
[SourceVersionDate "2019.11.23"]

1. e4 c5 2. Nf3 Nc6 3. Bb5 g6 4. O-O Bg7 5. c3 Nf6 6. Re1 O-O 7. d4 cxd4 8.
cxd4 d5 9. e5 Ne4 10. Nc3 Nxc3 11. bxc3 a6 12. Bxc6 bxc6 13. Bg5 Qc7 14. Qd2
Bg4 15. Qe3 Bxf3 16. Qxf3 e6 17. Bf6 Rac8 18. Bxg7 Kxg7 19. Qe3 c5 20. Rac1 Qa5
21. Re2 Rc6 22. Rec2 Rfc8 23. g3 cxd4 24. Qxd4 Qc5 25. Qxc5 Rxc5 26. f4 d4 27.
c4 d3 28. Rc3 d2 29. Rd1 Rxc4 30. Rxc4 Rxc4 31. Rxd2 h6 32. Kf2 Rc3 33. Ke2 h5
34. Rd3 Rc5 35. h4 Ra5 36. a3 Kf8 37. Kd2 Ke7 38. Kc2 Rb5 39. Rd6 a5 40. Kc3
Rc5+ 41. Kb3 Rc1 42. Rd3 Rc5 43. Ka4 Ke8 44. Rb3 Ke7 45. Rb5 Rc3 46. Rxa5 Rxg3
47. Ra7+ Kf8 48. Kb5 Rg4 49. a4 Rxf4 50. a5 Rxh4 51. a6 Rh1 52. Rb7 Ra1 53. a7
Kg7 54. Kc6 h4 55. Rb4 Rxa7 56. Rxh4 Ra5 57. Kd6 Rd5+ 58. Ke7 Rxe5 59. Rf4 Rf5
60. Rc4 g5 61. Rg4 Kg6 62. Rg1 Rf4 63. Rh1 g4 64. Rh8 Kg7 65. Rh4 Re4 66. Rh5
Kg6 67. Rh8 f5 68. Rg8+ Kh5 69. Kf6 Kh4 70. Rg5 Kg3 71. Rg6 Kf3 0-1

[Event "Eesti U16 (n)"]
[Site "Narva"]
[Date "2019.05.31"]
[Round "4.5"]
[White "Ivanova, Ksenja"]
[Black "Timofejeva, Juliana"]
[Result "1-0"]
[WhiteElo "1291"]
[BlackElo "1330"]
[PlyCount "70"]
[EventDate "2019.05.30"]
[EventRounds "7"]
[EventCountry "EST"]
[SourceVersionDate "2019.11.23"]

1. e4 e5 2. Nf3 Nc6 3. Bc4 Nf6 4. Nc3 Bc5 5. d3 h6 6. Be3 Bxe3 7. fxe3 d6 8. h3
O-O 9. O-O Re8 10. Re1 Be6 11. Bb3 Nh5 12. a3 Bxb3 13. cxb3 a6 14. d4 exd4 15.
exd4 Nf6 16. e5 dxe5 17. dxe5 Nh5 18. Nh2 Qd4+ 19. Qxd4 Nxd4 20. Rad1 Nxb3 21.
Nd5 Rad8 22. Nxc7 Rxd1 23. Rxd1 Rxe5 24. Nf3 Re7 25. Nd5 Rd7 26. g4 Nf4 27.
Nf6+ gxf6 28. Rxd7 Nc5 29. Rd8+ Kg7 30. Kh2 Nce6 31. Rc8 Nd3 32. b4 Nef4 33.
Rb8 b5 34. Rb6 Nd5 35. Rxa6 Ne3 {loetamatu} 1-0

[Event "Eesti U16 (n)"]
[Site "Narva"]
[Date "2019.06.01"]
[Round "5.1"]
[White "Smirnova, Jekaterina"]
[Black "Blohhin, Sofia"]
[Result "1/2-1/2"]
[WhiteElo "1624"]
[BlackElo "1915"]
[PlyCount "53"]
[EventDate "2019.05.30"]
[EventRounds "7"]
[EventCountry "EST"]
[SourceVersionDate "2019.11.23"]

1. d4 d5 2. c4 e6 3. Nc3 Nf6 4. Bg5 Be7 5. Nf3 b6 6. e3 O-O 7. Bd3 Bb7 8. cxd5
exd5 9. Qc2 g6 10. h4 Ba6 11. Ne5 Bb7 12. Bh6 Re8 13. h5 Ne4 14. hxg6 hxg6 15.
a3 Bf6 16. Nxe4 dxe4 17. Bb5 c6 18. Bxc6 Nxc6 19. Nxc6 Qd7 20. Ne5 Bxe5 21.
dxe5 Rac8 22. Qe2 Rxe5 23. Rd1 Rd5 24. Rxd5 Qxd5 25. Qd2 Qa2 26. O-O Qc4 27.
Rd1 1/2-1/2

[Event "Eesti U16 (n)"]
[Site "Narva"]
[Date "2019.06.01"]
[Round "5.2"]
[White "Barkasheva, Sofia"]
[Black "Bitkova, Jelizaveta"]
[Result "1/2-1/2"]
[WhiteElo "1467"]
[BlackElo "1691"]
[PlyCount "85"]
[EventDate "2019.05.30"]
[EventRounds "7"]
[EventCountry "EST"]
[SourceVersionDate "2019.11.23"]

1. e4 c5 2. Nf3 e6 3. d4 cxd4 4. Nxd4 Nc6 5. Nc3 a6 6. Be3 Nf6 7. Be2 g6 8. Qd2
Bg7 9. O-O-O O-O 10. g4 d5 11. exd5 Nxd5 12. Nxd5 Qxd5 13. c4 Qd7 14. Nb3 Qxd2+
15. Rxd2 e5 16. h4 f5 17. f3 Re8 18. h5 Nd4 19. Nxd4 exd4 20. Bf4 Be6 21. hxg6
hxg6 22. Bh6 Bxh6 23. Rxh6 Kg7 24. g5 Rad8 25. Bd3 Rh8 26. Rdh2 Rxh6 27. Rxh6
Rc8 28. b3 b5 29. Rh2 bxc4 30. bxc4 Bxc4 31. Rc2 Be6 32. Rxc8 Bxc8 33. Kd2 Kf7
34. Bc4+ Be6 35. Kd3 Bxc4+ 36. Kxc4 Ke6 37. f4 d3 38. Kxd3 Kd5 39. a3 Kc5 40.
Kc3 a5 41. a4 Kd5 42. Kd3 Kc5 43. Kc3 1/2-1/2

[Event "Eesti U16 (n)"]
[Site "Narva"]
[Date "2019.06.01"]
[Round "5.3"]
[White "Aksjonova, Alisa"]
[Black "Levchenko, Marina"]
[Result "0-1"]
[WhiteElo "1383"]
[BlackElo "1704"]
[PlyCount "108"]
[EventDate "2019.05.30"]
[EventRounds "7"]
[EventCountry "EST"]
[SourceVersionDate "2019.11.23"]

1. e4 c5 2. Nf3 d6 3. d4 cxd4 4. Nxd4 Nf6 5. Nc3 a6 6. Bg5 e6 7. Bd3 Be7 8. O-O
O-O 9. Bxf6 Bxf6 10. Bc4 Qc7 11. Qd3 Nc6 12. Bb3 Nxd4 13. Rad1 Nxb3 14. axb3
Bxc3 15. bxc3 Rd8 16. f4 Bd7 17. Rf2 Bc6 18. c4 b5 19. Rfd2 bxc4 20. Qxc4 Qb7
21. e5 d5 22. Qd4 Qa7 23. Qxa7 Rxa7 24. c4 Rb8 25. cxd5 Bxd5 26. Rb2 g6 27. b4
Rab7 28. g3 Rxb4 29. Rxb4 Rxb4 30. Ra1 Bc4 31. h4 Rb2 32. Ra4 Bb5 33. Ra3 Rb4
34. Kf2 Ra4 35. Rc3 Bc4 36. g4 Bd5 37. Ke3 Re4+ 38. Kd3 Rxf4 39. Rc5 Rxg4 40.
Ra5 Bc6 41. Rc5 Bb5+ 42. Kc3 Rxh4 43. Rc8+ Kg7 44. Ra8 g5 45. Rd8 Rc4+ 46. Kb3
g4 47. Rd2 g3 48. Rg2 Rg4 49. Kc2 Bc6 50. Rg1 g2 51. Kd3 Rf4 52. Ke2 Rf1 53.
Rxf1 Bb5+ 54. Kf2 gxf1=Q+ 0-1

[Event "Eesti U16 (n)"]
[Site "Narva"]
[Date "2019.06.01"]
[Round "5"]
[White "Sild, Marta Pauliine"]
[Black "Ivanova, Ksenja"]
[Result "0-1"]
[WhiteElo "1687"]
[BlackElo "1291"]
[PlyCount "74"]
[EventDate "2019.05.30"]
[EventRounds "7"]
[EventCountry "EST"]
[SourceVersionDate "2019.11.23"]

1. e4 e5 2. Bc4 Nf6 3. d3 h6 4. Nc3 Nc6 5. f4 d6 6. Nf3 Be6 7. Bxe6 fxe6 8.
fxe5 dxe5 9. h3 Be7 10. Be3 O-O 11. Qd2 a6 12. g4 Nxg4 13. hxg4 Rxf3 14. O-O-O
Rxe3 15. Kb1 Bg5 16. Qg2 Nd4 17. Rdf1 Qe7 18. Qh2 Bf4 19. Qf2 Rf3 20. Qe1 Rxf1
21. Rxf1 Qg5 22. Qd1 Rf8 23. Na4 b6 24. c3 Nc6 25. Qf3 Rf6 26. Qe2 Be3 27. Re1
Bf4 28. Rf1 Rg6 29. Rg1 h5 30. b3 hxg4 31. Nb2 g3 32. Nd1 g2 33. Qf3 Nd8 34.
Qh3 Qg3 35. Qxg3 Rxg3 36. Kc2 Rg6 37. d4 Bh2 0-1

[Event "Eesti U16 (n)"]
[Site "Narva"]
[Date "2019.06.01"]
[Round "5.5"]
[White "Timofejeva, Juliana"]
[Black "Jõerand, Jenna"]
[Result "0-1"]
[WhiteElo "1330"]
[BlackElo "1581"]
[PlyCount "144"]
[EventDate "2019.05.30"]
[EventRounds "7"]
[EventCountry "EST"]
[SourceVersionDate "2019.11.23"]

1. e4 d5 2. exd5 Qxd5 3. Nc3 Qa5 4. d4 Nf6 5. Bd2 c6 6. Nf3 Bg4 7. h3 Bh5 8.
Bd3 e6 9. a3 Be7 10. O-O O-O 11. Re1 Nbd7 12. Ne4 Qc7 13. Neg5 Bxf3 14. Qxf3 g6
15. Qf4 Qxf4 16. Bxf4 Nd5 17. Bd2 c5 18. Nf3 Rac8 19. b4 cxd4 20. Nxd4 Bf6 21.
Nb5 Bxa1 22. Rxa1 a6 23. Bh6 axb5 24. Bxf8 Kxf8 25. Bxb5 N7f6 26. Bd3 Nf4 27.
a4 Nxd3 28. cxd3 Nd5 29. b5 e5 30. f3 Nb4 31. Rd1 Ra8 32. d4 Rd8 33. d5 Rxd5
34. Rxd5 Nxd5 35. Kf2 Nc3 36. Ke3 Ke7 37. f4 e4 38. Kd4 Nxa4 39. Kxe4 Nc3+ 40.
Ke5 Nxb5 41. h4 Nc3 42. f5 b5 43. f6+ Kd7 44. g4 b4 45. Kd4 h5 46. g5 Ne2+ 47.
Kc4 Ke6 48. Kxb4 Nd4 49. Kc4 Nf5 50. Kd3 Nxh4 51. Ke4 Nf5 52. Kf3 Ke5 53. Kg2
Kf4 54. Kh3 Kxg5 55. Kg2 Kxf6 56. Kh3 g5 57. Kh2 Ke5 58. Kh3 g4+ 59. Kh2 h4 60.
Kh1 Nd4 61. Kh2 f5 62. Kg2 f4 63. Kh2 f3 64. Kg1 g3 65. Kf1 h3 66. Kg1 f2+ 67.
Kf1 Ne2 68. Kxe2 h2 69. Kf3 h1=Q+ 70. Kxg3 f1=R 71. Kg4 Qg2+ 72. Kh4 Rh1# 0-1